[Event "Graz op-A"]
[Site "Graz"]
[Date "2004.09.08"]
[Round "5"]
[White "Perhinig, Robert"]
[Black "Jahrer, Michael"]
[Result "1/2-1/2"]
[WhiteElo "2224"]
[BlackElo "2187"]
[PlyCount "29"]
[EventDate "2004.09.04"]
[EventType "swiss"]
[EventRounds "9"]
[EventCountry "AUT"]
[SourceTitle "EXT 2006"]
[Source "ChessBase"]
[SourceDate "2005.11.24"]
[SourceVersion "1"]
[SourceVersionDate "2005.11.24"]
[SourceQuality "1"]

1. d4 Nf6 2. Bg5 Ne4 3. Bf4 d5 4. e3 e6 5. f3 Nf6 6. Bd3 Nc6 7. c3 Nh5 8. Ne2 Nxf4 9. exf4 Bd6 10. 0-0 Qf6 11. g3 Bd7 12. Na3 g6 13. Nc2 h5 14. h4 Ne7 15. Ne3 1/2-1/2

[Event "Graz op-A"]
[Site "Graz"]
[Date "2004.09.06"]
[Round "3"]
[White "Vajda, Albert"]
[Black "Jahrer, Michael"]
[Result "1/2-1/2"]
[WhiteElo "2438"]
[BlackElo "2187"]
[PlyCount "58"]
[EventDate "2004.09.04"]
[EventType "swiss"]
[EventRounds "9"]
[EventCountry "AUT"]
[SourceTitle "EXT 2006"]
[Source "ChessBase"]
[SourceDate "2005.11.24"]
[SourceVersion "1"]
[SourceVersionDate "2005.11.24"]
[SourceQuality "1"]

1. d4 Nf6 2. c4 e6 3. Nc3 Bb4 4. e3 b6 5. Bd3 Bb7 6. f3 0-0 7. Nge2 d5 8. cxd5 exd5 9. 0-0 Re8 10. Qc2 Nbd7 11. a3 Bf8 12. b4 c5 13. bxc5 bxc5 14. Rb1 Bc6 15. dxc5 Nxc5 16. Nd4 Nxd3 17. Qxd3 Qd7 18. Bb2 Rab8 19. Rfc1 Rb6 20. Nce2 Bb7 21. Qd2 Ba6 22. Ra1 Qb7 23. Bc3 Bc5 24. Ng3 Bc4 25. Re1 h5 26. a4 g6 27. a5 Ra6 28. Rab1 Qc7 29. Nf1 Nd7 1/2-1/2

[Event "AUT-chT2S 0102"]
[Site "Austria"]
[Date "2002.??.??"]
[Round "5"]
[White "Jahrer, Michael"]
[Black "Sandner, Wolfgang"]
[Result "1-0"]
[WhiteElo "2113"]
[BlackElo "2185"]
[PlyCount "43"]
[EventDate "2001.11.10"]
[EventType "team"]
[EventRounds "11"]
[EventCountry "AUT"]
[SourceTitle "EXT 2003"]
[Source "ChessBase"]
[SourceDate "2002.11.25"]
[SourceVersion "1"]
[SourceVersionDate "2002.11.25"]
[SourceQuality "1"]

1. d4 Nf6 2. c4 g6 3. Nf3 Bg7 4. Nc3 d6 5. g3 0-0 6. Bg2 Nc6 7. 0-0 a6 8. b3 e5 9. Bb2 e4 10. Nd2 e3 11. fxe3 Ng4 12. Rf3 Qg5 13. Nf1 Bd7 14. Nd5 Rac8 15. e4 Rfe8 16. Rf4 Qd8 17. h3 Nf6 18. e3 Nh5 19. Rf2 Ne7 20. g4 Nxd5 21. cxd5 Nf6 22. e5 1-0

[Event "AUT-ch U18"]
[Site "Austria"]
[Date "2001.04.12"]
[Round "7.2"]
[White "Jahrer, Michael"]
[Black "Koffler, Daniel"]
[Result "0-1"]
[WhiteElo "2074"]
[BlackElo "2096"]
[PlyCount "68"]
[EventDate "2001.04.08"]
[EventType "swiss"]
[EventRounds "7"]
[EventCountry "AUT"]
[SourceTitle "EXT 2003"]
[Source "ChessBase"]
[SourceDate "2002.11.25"]
[SourceVersion "1"]
[SourceVersionDate "2002.11.25"]
[SourceQuality "1"]

1. d4 g6 2. Nf3 Bg7 3. c4 f5 4. g3 Nf6 5. Bg2 0-0 6. 0-0 d6 7. Nc3 c6 8. Re1 Qe8 9. e4 fxe4 10. Nxe4 Nxe4 11. Rxe4 Bf5 12. Re1 Qf7 13. Ng5 Qxc4 14. Rxe7 Bxd4 15. Bf4 Nd7 16. Bxd6 Bg4 17. Nf3 Bxb2 18. Rb1 Qxa2 19. Qc2 Bxf3 20. Bxf3 Rxf3 21. Rxb2 Qd5 22. Rxd7 Re8 23. Re7 Rd8 24. Bf4 Rd3 25. Rb1 b5 26. Rxa7 Qe4 27. Rf1 Rxg3+ 28. hxg3 Qxc2 29. Re1 Rd1 30. Rxd1 Qxd1+ 31. Kg2 Qd5+ 32. Kg1 Qd1+ 33. Kg2 Qd5+ 34. Kg1 c5 0-1

[Event "Graz op"]
[Site "Graz"]
[Date "2001.??.??"]
[Round "7"]
[White "Jahrer, Michael"]
[Black "Sulyok, Michael"]
[Result "1/2-1/2"]
[WhiteElo "2113"]
[BlackElo "2278"]
[PlyCount "62"]
[EventDate "2001.09.??"]
[EventType "swiss"]
[EventRounds "9"]
[EventCountry "AUT"]
[SourceTitle "EXT 2002"]
[Source "ChessBase"]
[SourceDate "2001.11.25"]
[SourceVersion "1"]
[SourceVersionDate "2001.11.25"]
[SourceQuality "1"]

1. d4 d6 2. e4 Nf6 3. Nc3 g6 4. Be2 Bg7 5. Be3 0-0 6. Qd2 c6 7. Bh6 b5 8. Bxg7 Kxg7 9. Qf4 b4 10. Nd1 e5 11. dxe5 dxe5 12. Qh4 Ba6 13. f3 Qa5 14. c3 Rd8 15. Qf2 bxc3 16. Nxc3 Nbd7 17. Bxa6 Qxa6 18. Nge2 Nf8 19. 0-0 Rd2 20. b3 Rad8 21. Rfd1 Ne6 22. Rxd2 Rxd2 23. Qe1 Rd3 24. Rd1 Nd7 25. Nc1 Rxd1 26. Qxd1 Nd4 27. Na4 Qa5 28. Nd3 f6 29. h3 Nb6 30. Ndc5 Nxa4 31. Nxa4 Qb4 1/2-1/2

[Event "Graz op"]
[Site "Graz"]
[Date "2001.??.??"]
[Round "3"]
[White "Krebs, Johann"]
[Black "Jahrer, Michael"]
[Result "1-0"]
[WhiteElo "2208"]
[BlackElo "2113"]
[PlyCount "132"]
[EventDate "2001.09.??"]
[EventType "swiss"]
[EventRounds "9"]
[EventCountry "AUT"]
[SourceTitle "EXT 2002"]
[Source "ChessBase"]
[SourceDate "2001.11.25"]
[SourceVersion "1"]
[SourceVersionDate "2001.11.25"]
[SourceQuality "1"]

1. d4 Nf6 2. c4 e6 3. Nf3 b6 4. g3 Ba6 5. Nbd2 Be7 6. Bg2 c6 7. 0-0 0-0 8. Qc2 d5 9. Rd1 Nbd7 10. b3 Rc8 11. e4 dxe4 12. Nxe4 Bb7 13. Ne5 Qc7 14. Bf4 Nxe5 15. Bxe5 Qd8 16. c5 Nd5 17. Bd6 Ba6 18. h4 Bxd6 19. Nxd6 Rc7 20. Rac1 Qd7 21. Qd2 Rb8 22. b4 Nf6 23. a3 Ne8 24. Ne4 Rd8 25. Ng5 e5 26. Qc2 h6 27. dxe5 Bd3 28. Qc3 hxg5 29. Bf1 gxh4 30. Bxd3 Qe7 31. gxh4 Qxh4 32. Be2 Qg5+ 33. Kf1 g6 34. Rxd8 Qxd8 35. cxb6 axb6 36. Rd1 Qc8 37. Qg3 Ng7 38. Bg4 Qb8 39. Qh4 Qf8 40. Kg2 Ne8 41. Bd7 Ng7 42. Rh1 Nh5 43. Bg4 Qe7 44. Qxe7 Rxe7 45. Bxh5 gxh5 46. Rxh5 Kg7 47. Rg5+ Kf8 48. Rf5 c5 49. bxc5 bxc5 50. Kf1 Ke8 51. e6 Rxe6 52. Rxc5 Ra6 53. Rc3 f5 54. Ke2 Kf7 55. Kd3 Ra4 56. Kc2 Kf6 57. Kb3 Rf4 58. Rc2 Re4 59. a4 Ke5 60. a5 Kd6 61. a6 f4 62. a7 Re8 63. Ra2 Ra8 64. Kc4 Ke5 65. Kc5 Ke4 66. Ra3 f3 1-0

[Event "Schwarzach op-A"]
[Site "Schwarzach"]
[Date "2000.08.27"]
[Round "9"]
[White "Jahrer, Michael"]
[Black "Essl, Gerhard"]
[Result "1/2-1/2"]
[WhiteElo "2056"]
[BlackElo "2053"]
[PlyCount "36"]
[EventDate "2000.08.19"]
[EventType "swiss"]
[EventRounds "9"]
[EventCountry "AUT"]
[SourceTitle "EXT 2001"]
[Source "ChessBase"]
[SourceDate "2000.11.22"]
[SourceVersion "1"]
[SourceVersionDate "2000.11.22"]
[SourceQuality "1"]

1. d4 Nf6 2. c4 g6 3. Nc3 d5 4. cxd5 Nxd5 5. e4 Nxc3 6. bxc3 c5 7. Be3 Bg7 8. Bc4 0-0 9. Ne2 Nc6 10. 0-0 Qc7 11. Qc1 Na5 12. Bd3 Rd8 13. Rd1 b6 14. Rb1 Bd7 15. Qa3 Nb7 16. f3 cxd4 17. cxd4 Qd6 18. Qa6 Na5 1/2-1/2

[Event "Schwarzach op-A"]
[Site "Schwarzach"]
[Date "2000.08.20"]
[Round "2"]
[White "Besner, Bernhard"]
[Black "Jahrer, Michael"]
[Result "0-1"]
[WhiteElo "2178"]
[BlackElo "2056"]
[PlyCount "148"]
[EventDate "2000.08.19"]
[EventType "swiss"]
[EventRounds "9"]
[EventCountry "AUT"]
[SourceTitle "EXT 2001"]
[Source "ChessBase"]
[SourceDate "2000.11.22"]
[SourceVersion "1"]
[SourceVersionDate "2000.11.22"]
[SourceQuality "1"]

1. e4 c5 2. c3 Nf6 3. e5 Nd5 4. d4 cxd4 5. Qxd4 e6 6. Bc4 Nc6 7. Qe4 Nb6 8. Bb3 d6 9. Nf3 Qc7 10. Bf4 dxe5 11. Nxe5 Bd6 12. Nd3 Bxf4 13. Nxf4 0-0 14. 0-0 e5 15. Nd3 Kh8 16. Re1 f5 17. Qh4 Rf6 18. Na3 Bd7 19. Nb5 Qb8 20. Rad1 a6 21. Na3 e4 22. Nf4 Ne5 23. Nc4 Nbxc4 24. Bxc4 b5 25. Be2 Bc6 26. Rd4 Nf7 27. Nh5 Rg6 28. Red1 e3 29. Nf4 exf2+ 30. Kxf2 Rf6 31. Qg3 Nd6 32. Bf3 Ne4+ 33. Bxe4 fxe4 34. Ke3 Qb6 35. Kd2 Re8 36. Kc1 e3 37. Re1 b4 38. Rxb4 Qc5 39. Rd4 Qe5 40. Re2 Bb5 41. Re1 Bc6 42. a4 g5 43. Nh5 Qxg3 44. Nxg3 Rf2 45. Re2 Bxg2 46. Rd3 Rxe2 47. Nxe2 h5 48. Kd1 g4 49. Nf4 Bf3+ 50. Ke1 Re4 51. Nxh5 Rxa4 52. Rxe3 Ra2 53. Re8+ Kh7 54. Rb8 Kh6 55. Ng3 Kg5 56. Kd2 Kh4 57. Rh8+ Kg5 58. Rh5+ Kf6 59. Kc2 a5 60. Kb3 Ra1 61. Kc4 Rb1 62. Rxa5 Rxb2 63. Rh5 Bg2 64. Rb5 Rd2 65. Nh5+ Ke7 66. Nf4 Bf1+ 67. Kc5 Bxb5 68. Kxb5 Rxh2 69. c4 g3 70. c5 g2 71. Nxg2 Rxg2 72. Kb6 Kd8 73. Kb7 Rg7+ 74. Kb6 Kc8 0-1

[Event "AUT-ch U18"]
[Site "Soechau"]
[Date "2000.04.19"]
[Round "5"]
[White "Herbst, Daniel"]
[Black "Jahrer, Michael"]
[Result "1-0"]
[WhiteElo "2092"]
[BlackElo "2063"]
[PlyCount "87"]
[EventDate "2000.??.??"]
[EventType "swiss"]
[EventRounds "7"]
[EventCountry "AUT"]
[SourceTitle "EXT 2001"]
[Source "ChessBase"]
[SourceDate "2000.11.22"]
[SourceVersion "1"]
[SourceVersionDate "2000.11.22"]
[SourceQuality "1"]

1. e4 c6 2. d4 d5 3. exd5 cxd5 4. Bd3 Nc6 5. c3 Nf6 6. Bf4 Bg4 7. Nf3 e6 8. Nbd2 Bd6 9. Bxd6 Qxd6 10. 0-0 0-0 11. Re1 a6 12. Qb1 Qf4 13. Re3 Ne7 14. h3 Bf5 15. Ne5 h5 16. Qe1 Bxd3 17. Nxd3 Qc7 18. Ne5 b5 19. g4 hxg4 20. hxg4 g6 21. Kg2 Kg7 22. Rf3 Nc8 23. Qe3 Nd6 24. Rh1 Rh8 25. Qf4 Nde4 26. Nxe4 Nxe4 27. Qxf7+ Qxf7 28. Rxf7+ Kg8 29. Rxh8+ Kxh8 30. Nxg6+ Kg8 31. Re7 b4 32. f3 Ng5 33. Rc7 bxc3 34. bxc3 Rb8 35. Rc8+ Rxc8 36. Ne7+ Kf7 37. Nxc8 Ke8 38. Nb6 Kd8 39. Na4 a5 40. Nc5 Kc7 41. f4 Ne4 42. Nxe4 dxe4 43. g5 Kd7 44. c4 1-0

[Event "AUT-ch U16"]
[Site "Koestendorf"]
[Date "1998.04.10"]
[Round "7.2"]
[White "Jahrer, Michael"]
[Black "Hummel, Markus"]
[Result "1/2-1/2"]
[WhiteElo "1874"]
[BlackElo "2106"]
[PlyCount "146"]
[EventDate "1998.04.04"]
[EventType "swiss"]
[EventRounds "7"]
[EventCountry "AUT"]
[SourceTitle "EXT 1999"]
[Source "ChessBase"]
[SourceDate "1998.11.16"]
[SourceVersion "1"]
[SourceVersionDate "1998.11.16"]
[SourceQuality "1"]

1. d4 Nf6 2. c4 g6 3. g3 Bg7 4. Bg2 0-0 5. Nc3 d6 6. Nf3 Nbd7 7. 0-0 e5 8. b3 Re8 9. Qc2 exd4 10. Nxd4 Ne5 11. Rd1 Rb8 12. h3 Bd7 13. Bb2 Nc6 14. Nd5 a6 15. Rac1 Nh5 16. Nxc6 bxc6 17. Bxg7 Nxg7 18. Nc3 Ne6 19. f4 Qf6 20. Ne4 Qg7 21. Qc3 Qxc3 22. Nxc3 f5 23. e4 fxe4 24. Nxe4 Kg7 25. Rc2 Re7 26. Re2 Rbe8 27. Nc3 Nc5 28. Rxe7+ Rxe7 29. b4 Ne6 30. Re1 Kf7 31. Re4 Re8 32. a3 Rb8 33. Kf2 a5 34. Na2 axb4 35. Nxb4 c5 36. Nd5 c6 37. Ne3 Rb2+ 38. Kf1 Rb1+ 39. Kf2 Rb2+ 40. Kf1 Ra2 41. f5 Nd4 42. Rh4 Kg7 43. f6+ Kxf6 44. Rxh7 Be6 45. Ra7 Re2 46. Ng4+ Bxg4 47. hxg4 Rc2 48. Rd7 Ke6 49. Rg7 Rxc4 50. Rxg6+ Ke5 51. Rg8 Rc3 52. a4 Rxg3 53. a5 Ra3 54. Ra8 Kf4 55. a6 Kg3 56. Ke1 Kxg2 57. g5 Rg3 58. Rg8 Nb5 59. g6 c4 60. g7 c5 61. Kd2 Rg6 62. Rb8 Rxg7 63. Rxb5 Ra7 64. Rb6 d5 65. Rc6 Kf3 66. Rxc5 Ke4 67. Ra5 d4 68. Ra4 Kd5 69. Ra5+ Kc6 70. Kc2 Kb6 71. Rd5 Kxa6 72. Rxd4 Kb5 73. Rd8 Ra2+ 1/2-1/2

[Event "AUT-ch U16"]
[Site "Koestendorf"]
[Date "1998.04.07"]
[Round "4.6"]
[White "Jahrer, Michael"]
[Black "Webersberger, Johann"]
[Result "1/2-1/2"]
[WhiteElo "1874"]
[BlackElo "1749"]
[PlyCount "86"]
[EventDate "1998.04.04"]
[EventType "swiss"]
[EventRounds "7"]
[EventCountry "AUT"]
[SourceTitle "EXT 1999"]
[Source "ChessBase"]
[SourceDate "1998.11.16"]
[SourceVersion "1"]
[SourceVersionDate "1998.11.16"]
[SourceQuality "1"]

1. d4 Nf6 2. c4 e6 3. Nc3 Bb4 4. Qc2 Bxc3+ 5. Qxc3 Ne4 6. Qc2 d5 7. Bf4 0-0 8. cxd5 Qxd5 9. Nf3 Nc6 10. e3 e5 11. Bxe5 Bf5 12. Qa4 a6 13. Bc4 Qd7 14. Qd1 b5 15. Be2 f6 16. Bg3 Nb4 17. 0-0 Qf7 18. Nh4 Be6 19. Bd3 f5 20. b3 c5 21. Nf3 Nxd3 22. Qxd3 c4 23. Qd1 c3 24. Ne5 Qb7 25. b4 Rac8 26. Qc2 g5 27. f3 Nd2 28. Rfd1 Qe7 29. Be1 Nc4 30. Nxc4 Rxc4 31. Rd3 Rfc8 32. d5 Bd7 33. a3 g4 34. fxg4 fxg4 35. Rc1 Bf5 36. e4 Rxe4 37. Qf2 Re2 38. Qxf5 Rxe1+ 39. Kf2 Re2+ 40. Kg3 Re3+ 41. Rxe3 Qxe3+ 42. Kh4 Qh6+ 43. Kg3 Qe3+ 1/2-1/2

[Event "AUT-ch U16"]
[Site "Koestendorf"]
[Date "1998.04.05"]
[Round "2.5"]
[White "Jahrer, Michael"]
[Black "Friedmann, Daniel"]
[Result "0-1"]
[WhiteElo "1874"]
[BlackElo "1932"]
[PlyCount "78"]
[EventDate "1998.04.04"]
[EventType "swiss"]
[EventRounds "7"]
[EventCountry "AUT"]
[SourceTitle "EXT 1999"]
[Source "ChessBase"]
[SourceDate "1998.11.16"]
[SourceVersion "1"]
[SourceVersionDate "1998.11.16"]
[SourceQuality "1"]

1. d4 d5 2. c4 e6 3. Nc3 Nf6 4. Bg5 Be7 5. Nf3 h6 6. Bh4 0-0 7. e3 b6 8. Rc1 Bb7 9. Bd3 dxc4 10. Bxc4 Nbd7 11. 0-0 c5 12. Qe2 Nd5 13. Bxe7 Qxe7 14. e4 Nxc3 15. Rxc3 cxd4 16. Nxd4 Nc5 17. e5 Rfd8 18. Nb3 Rac8 19. Nxc5 Rxc5 20. b4 Rc7 21. Qg4 Qxb4 22. Rg3 Qf8 23. Bd3 Rxd3 24. Rxd3 Ba6 25. Qd4 Bxd3 26. Qxd3 Qc5 27. Qd8+ Kh7 28. Qd3+ g6 29. Re1 Qa5 30. Rd1 Qxe5 31. g3 Qf5 32. Qb3 Rc2 33. Qe3 Rxa2 34. Rd8 Ra5 35. Qc3 Qe5 36. Qf3 Qe1+ 37. Kg2 Rf5 38. Qe3 Qxe3 39. fxe3 Kg7 0-1

[Event "Gleisdorf ch"]
[Site "Gleisdorf"]
[Date "1996.??.??"]
[Round "4"]
[White "Jahrer, Michael"]
[Black "Teuschler, Alois"]
[Result "1/2-1/2"]
[WhiteElo "1615"]
[BlackElo "1965"]
[PlyCount "32"]
[EventDate "1996.??.??"]
[EventType "swiss"]
[EventRounds "7"]
[EventCountry "AUT"]
[SourceTitle "EXT 1999"]
[Source "ChessBase"]
[SourceDate "1998.11.16"]
[SourceVersion "1"]
[SourceVersionDate "1998.11.16"]
[SourceQuality "1"]

1. d4 Nf6 2. c4 e5 3. dxe5 Ng4 4. Bf4 Bc5 5. e3 d6 6. exd6 cxd6 7. Nd2 g5 8. Bg3 Qf6 9. Rb1 Bf5 10. e4 Bd7 11. Qf3 Nc6 12. Qxf6 Nxf6 13. Bd3 Nb4 14. Be2 Nxa2 15. e5 Ng4 16. exd6 f6 1/2-1/2

[Event "Gleisdorf ch"]
[Site "Gleisdorf"]
[Date "1996.??.??"]
[Round "3"]
[White "Schrottner, H."]
[Black "Jahrer, Michael"]
[Result "1/2-1/2"]
[WhiteElo "1815"]
[BlackElo "1615"]
[PlyCount "86"]
[EventDate "1996.??.??"]
[EventType "swiss"]
[EventRounds "7"]
[EventCountry "AUT"]
[SourceTitle "EXT 1999"]
[Source "ChessBase"]
[SourceDate "1998.11.16"]
[SourceVersion "1"]
[SourceVersionDate "1998.11.16"]
[SourceQuality "1"]

1. f4 d5 2. d4 Nf6 3. Nf3 c5 4. c3 e6 5. e3 b6 6. Bd3 Be7 7. 0-0 0-0 8. Nbd2 Ba6 9. Bxa6 Nxa6 10. a3 Nc7 11. Ne5 Nb5 12. Qe2 Nd6 13. Ng4 Nfe4 14. Nxe4 Nxe4 15. f5 Qc7 16. Bd2 Bf6 17. Be1 g6 18. Nxf6+ Nxf6 19. fxe6 fxe6 20. Bg3 Qe7 21. Bh4 Qg7 22. dxc5 bxc5 23. Bxf6 Rxf6 24. Qb5 Rc8 25. Rxf6 Qxf6 26. Qd7 Rf8 27. h3 Qf2+ 28. Kh1 Qxe3 29. Qxa7 Qe2 30. Qb6 Rf1+ 31. Rxf1 Qxf1+ 32. Kh2 Qf4+ 33. Kg1 Qe3+ 34. Kf1 Qc1+ 35. Ke2 Qc2+ 36. Ke3 Qc1+ 37. Kf2 Qd2+ 38. Kf3 Qd3+ 39. Kf4 Qe4+ 40. Kg5 Qf5+ 41. Kh4 Qf4+ 42. g4 Qh6+ 43. Kg3 Qe3+ 1/2-1/2